<?xml version="1.0" encoding="UTF-8"?><?xml-stylesheet type="text/xsl" href="static/style.xsl"?><OAI-PMH xmlns="http://www.openarchives.org/OAI/2.0/" xmlns:xsi="http://www.w3.org/2001/XMLSchema-instance" xsi:schemaLocation="http://www.openarchives.org/OAI/2.0/ http://www.openarchives.org/OAI/2.0/OAI-PMH.xsd"><responseDate>2026-04-18T13:06:40Z</responseDate><request verb="GetRecord" identifier="oai:riubu.ubu.es:10259/7245" metadataPrefix="marc">https://riubu.ubu.es/oai/request</request><GetRecord><record><header><identifier>oai:riubu.ubu.es:10259/7245</identifier><datestamp>2023-03-17T11:23:02Z</datestamp><setSpec>com_10259_3847</setSpec><setSpec>com_10259_5086</setSpec><setSpec>com_10259_2604</setSpec><setSpec>col_10259_3848</setSpec></header><metadata><record xmlns="http://www.loc.gov/MARC21/slim" xmlns:doc="http://www.lyncode.com/xoai" xmlns:xsi="http://www.w3.org/2001/XMLSchema-instance" xmlns:dcterms="http://purl.org/dc/terms/" xsi:schemaLocation="http://www.loc.gov/MARC21/slim http://www.loc.gov/standards/marcxml/schema/MARC21slim.xsd">
<leader>00925njm 22002777a 4500</leader>
<datafield tag="042" ind1=" " ind2=" ">
<subfield code="a">dc</subfield>
</datafield>
<datafield tag="720" ind1=" " ind2=" ">
<subfield code="a">Alonso Rincón, Ricardo S.</subfield>
<subfield code="e">author</subfield>
</datafield>
<datafield tag="720" ind1=" " ind2=" ">
<subfield code="a">Sittón-Candanedo, Inés</subfield>
<subfield code="e">author</subfield>
</datafield>
<datafield tag="720" ind1=" " ind2=" ">
<subfield code="a">Casado Vara, Roberto Carlos</subfield>
<subfield code="e">author</subfield>
</datafield>
<datafield tag="720" ind1=" " ind2=" ">
<subfield code="a">Prieto, Javier</subfield>
<subfield code="e">author</subfield>
</datafield>
<datafield tag="720" ind1=" " ind2=" ">
<subfield code="a">Corchado, Juan M.</subfield>
<subfield code="e">author</subfield>
</datafield>
<datafield tag="260" ind1=" " ind2=" ">
<subfield code="c">2020-07</subfield>
</datafield>
<datafield tag="520" ind1=" " ind2=" ">
<subfield code="a">The Internet of Things (IoT) paradigm allows the interconnection of millions of sensor&#xd;
devices gathering information and forwarding to the Cloud, where data is stored and processed&#xd;
to infer knowledge and perform analysis and predictions. Cloud service providers charge users&#xd;
based on the computing and storage resources used in the Cloud. In this regard, Edge Computing&#xd;
can be used to reduce these costs. In Edge Computing scenarios, data is pre-processed and filtered&#xd;
in network edge before being sent to the Cloud, resulting in shorter response times and providing&#xd;
a certain service level even if the link between IoT devices and Cloud is interrupted. Moreover,&#xd;
there is a growing trend to share physical network resources and costs through Network Function&#xd;
Virtualization (NFV) architectures. In this sense, and related to NFV, Software-Defined Networks&#xd;
(SDNs) are used to reconfigure the network dynamically according to the necessities during time.&#xd;
For this purpose, Machine Learning mechanisms, such as Deep Reinforcement Learning techniques,&#xd;
can be employed to manage virtual data flows in networks. In this work, we propose the evolution of&#xd;
an existing Edge-IoT architecture to a new improved version in which SDN/NFV are used over the&#xd;
Edge-IoT capabilities. The proposed new architecture contemplates the use of Deep Reinforcement&#xd;
Learning techniques for the implementation of the SDN controller.</subfield>
</datafield>
<datafield tag="024" ind2=" " ind1="8">
<subfield code="a">http://hdl.handle.net/10259/7245</subfield>
</datafield>
<datafield tag="024" ind2=" " ind1="8">
<subfield code="a">10.3390/su12145706</subfield>
</datafield>
<datafield tag="024" ind2=" " ind1="8">
<subfield code="a">2071-1050</subfield>
</datafield>
<datafield ind1=" " ind2=" " tag="653">
<subfield code="a">Industrial internet of things</subfield>
</datafield>
<datafield ind1=" " ind2=" " tag="653">
<subfield code="a">Edge computing</subfield>
</datafield>
<datafield ind1=" " ind2=" " tag="653">
<subfield code="a">Software defined networks</subfield>
</datafield>
<datafield ind1=" " ind2=" " tag="653">
<subfield code="a">Network function virtualization</subfield>
</datafield>
<datafield ind1=" " ind2=" " tag="653">
<subfield code="a">Deep reinforcement learning</subfield>
</datafield>
<datafield tag="245" ind1="0" ind2="0">
<subfield code="a">Deep Reinforcement Learning for the Management of Software-Defined Networks and Network Function Virtualization in an Edge-IoT Architecture</subfield>
</datafield>
</record></metadata></record></GetRecord></OAI-PMH>